Statistics for Car brand-model quiz. Part 2.

Click here to take the quiz!

General Stats

  • This quiz has been taken 50 times
  • The average score is 13 of 15

Answer Stats

Production YearCar ModelAnswer% Correct
2008FiestaFord
100%
2014FocusFord
100%
2003CivicHonda
100%
2012GolfVolkswagen
93%
2014PassatVolkswagen
93%
2000Viper GTSDodge
90%
1998PuntoFiat
88%
1998MultiplaFiat
88%
1963-1965DB5Aston-Martin
81%
1998-2010206Peugeot
74%
2012i30Hyundai
71%
2008MeganeRenault
71%
2000AlmeraNissan
69%
2009C3Citroen
67%
2008C5Citroen
67%

Score Distribution

Percentile by Number Answered

Percent of People with Each Score

Your Score History

You have not taken this quiz